[Event "In memory of Boby Fisher"]
[Site "SchemingMind.com"]
[Date "2008.01.24"]
[Round "-"]
[White "Evans, Stan"]
[Black "Schaakmaatje"]
[Result "1-0"]
[WhiteCountry "USA"]
[BlackCountry "NED"]
[WhiteElo "1765"]
[WhiteRD "91"]
[BlackElo "1739"]
[BlackRD "49"]
[GameID "138573"]

1. e4 e5 2. Bc4 Bc5 3. Nc3 Ne7 4. d3 d6 5. f4 Ng6 6. Nf3 O-O 7. f5 Nh4 8. Nd5 c6 9. Ne3 Bxe3 10. Bxe3 d5
11. Bb3 Nxf3+ 12. Qxf3 Na6 13. O-O Nc7 14. Rad1 Qh4 15. g4 Nb5 16. Qg2 h5 17. g5 Qg4 18. Qxg4 hxg4 19. exd5 cxd5 20. Bxd5 Rd8
21. Bb3 Nd4 22. Bxd4 Rxd4 23. g6 Rf4 24. Bxf7+ Kf8 25. Be6 Bxe6 26. fxe6 Ke7 27. Rde1 Raf8 28. Rxf4 Rxf4 29. Rxe5 Rf6 30. Rg5 Kxe6
31. Rxg4 Kf5 32. Rg3 Rc6 33. c3 Ra6 34. a3 Rb6 35. Rg2 Rd6 36. d4 Ke4 37. h4 Rd5 38. Rg5 Rd6 39. h5 Kf4 40. Rg2 Rd7
41. h6 Kf5 42. hxg7 Rxg7 43. Kf2 Kf4 44. Rg3 Ke4 45. Ke2 Kf4 46. Rf3+ Kg5 47. Rf7 Kxg6 48. Rxg7+ Kxg7 49. c4 Kf6 50. Ke3 Kf5
51. b4 Kf6 52. Ke4 Ke6 53. c5 b6 54. d5+
1-0

[Event "In memory of Boby Fisher"]
[Site "SchemingMind.com"]
[Date "2008.01.24"]
[Round "-"]
[White "Schaakmaatje"]
[Black "Evans, Stan"]
[Result "0-1"]
[WhiteCountry "NED"]
[BlackCountry "USA"]
[WhiteElo "1755"]
[WhiteRD "46"]
[BlackElo "1792"]
[BlackRD "101"]
[GameID "138575"]

1. d4 Nf6 2. Bg5 e6 3. e4 h6 4. Bxf6 Qxf6 5. e5 Qd8 6. f4 d6 7. Nf3 Be7 8. Nc3 O-O 9. Be2 dxe5 10. fxe5 b6
11. O-O Bb7 12. Bd3 c5 13. Be4 Bxe4 14. Nxe4 cxd4 15. Nxd4 Qc7 16. Nf3 Nc6 17. c3 Nxe5 18. Nxe5 Qxe5 19. Qf3 Rad8 20. Rad1 f5
21. Ng3 Bc5+ 22. Kh1 Qf6 23. Nh5 Qf7 24. Nf4 e5 25. Ne2 Rxd1 26. Rxd1 Qxa2 27. h3 e4
0-1

[Event "In memory of Boby Fisher"]
[Site "SchemingMind.com"]
[Date "2008.01.24"]
[Round "-"]
[White "mmccaffe"]
[Black "Evans, Stan"]
[Result "0-1"]
[WhiteCountry "USA"]
[BlackCountry "USA"]
[WhiteElo "1560"]
[WhiteRD "54"]
[BlackElo "1671"]
[BlackRD "153"]
[GameID "138726"]

1. d4 Nf6 2. c4 Nc6 3. Nc3 e5 4. d5 Ne7 5. e4 d6 6. f3 c5 7. Be3 h6 8. Qd2 Ng6 9. h4 h5 10. Be2 Bd7
11. Nh3 Be7 12. f4 Bxh3 13. Rxh3 Ng4 14. Bxg4 hxg4 15. Rg3 Bxh4 16. Kf1 Bxg3
0-1

[Event "In memory of Boby Fisher"]
[Site "SchemingMind.com"]
[Date "2008.01.25"]
[Round "-"]
[White "Schaakmaatje"]
[Black "mmccaffe"]
[Result "1-0"]
[WhiteCountry "NED"]
[BlackCountry "USA"]
[WhiteElo "1743"]
[WhiteRD "46"]
[BlackElo "1661"]
[BlackRD "51"]
[GameID "138727"]

1. e4 e5 2. f4 exf4 3. Nf3 d6 4. d4 g5 5. Bc4 g4 6. Bxf4 gxf3 7. Qxf3 Be6 8. Bd3 Bh6 9. O-O Bxf4 10. Qxf4 Nd7
11. d5 Qf6 12. dxe6 fxe6 13. c3 O-O-O 14. Nd2 Qxf4 15. Rxf4 Ne5 16. Be2 Ne7 17. Raf1 N7g6 18. Rf6 Rdf8 19. Nb3 Rxf6 20. Rxf6 Kd7
21. Nd4 Re8 22. b3 Nc6 23. Bg4 Nxd4 24. cxd4 c5 25. d5 Nf8 26. Bh5 Ng6 27. Bxg6 hxg6 28. Rxg6 exd5 29. exd5 Re5 30. g4 Re4
31. h4 Re5 32. h5 Rxd5 33. h6
1-0

[Event "In memory of Boby Fisher"]
[Site "SchemingMind.com"]
[Date "2008.01.25"]
[Round "-"]
[White "Evans, Stan"]
[Black "mmccaffe"]
[Result "1/2-1/2"]
[WhiteCountry "USA"]
[BlackCountry "USA"]
[WhiteElo "1792"]
[WhiteRD "101"]
[BlackElo "1576"]
[BlackRD "52"]
[GameID "138729"]

1. e4 e5 2. Bc4 Bc5 3. Nc3 Nf6 4. d3 d6 5. Bg5 h6 6. Bh4 g5 7. Bg3 Be6 8. Bb3 Qd7 9. h3 Nc6 10. Nge2 g4
11. hxg4 Nxg4 12. Nd5 Bxd5 13. Bxd5 Ne7 14. Nc3 Nxd5 15. Nxd5 c6 16. Nc3 f5 17. exf5 Qxf5 18. Ne4 Nf6 19. Nxf6+ Qxf6 20. Qh5+ Kd7
21. f3 Rag8 22. Qh3+ Qe6 23. Qxe6+ Kxe6 24. Rh3 Rg6 25. Bf2 Bxf2+=
1/2-1/2

[Event "In memory of Boby Fisher"]
[Site "SchemingMind.com"]
[Date "2008.01.25"]
[Round "-"]
[White "Fred Fanelli"]
[Black "Schaakmaatje"]
[Result "0-1"]
[WhiteCountry "USA"]
[BlackCountry "NED"]
[WhiteElo "1658"]
[WhiteRD "64"]
[BlackElo "1755"]
[BlackRD "46"]
[GameID "138834"]

1. c4 e5 2. Nc3 Nc6 3. Nf3 Nf6 4. d4 e4 5. Ng5 Bb4 6. Bd2 O-O 7. Ngxe4 Nxd4 8. a3 Be7 9. e3 Ne6 10. Bd3 Nc5
11. Bc2 d5 12. Nxf6+ Bxf6 13. O-O d4 14. exd4 Bxd4 15. Rb1 Be6 16. Ne2 Bxc4 17. Nxd4 Bxf1 18. Qxf1 Qxd4 19. Be3 Qe5 20. Qc4 Ne6
21. Qb4 b6 22. Bb3 c5 23. Qe1 Rfe8 24. Ba2 Nd4 25. Kf1 Qe4 26. Bd2 Qd3+
0-1

[Event "In memory of Boby Fisher"]
[Site "SchemingMind.com"]
[Date "2008.01.25"]
[Round "-"]
[White "Fred Fanelli"]
[Black "mmccaffe"]
[Result "0-1"]
[WhiteCountry "USA"]
[BlackCountry "USA"]
[WhiteElo "1568"]
[WhiteRD "67"]
[BlackElo "1661"]
[BlackRD "51"]
[GameID "138835"]

1. e4 e5 2. Nf3 Nc6 3. d4 exd4 4. Nxd4 Bc5 5. Be3 Nxd4 6. Bxd4 Bxd4 7. Qxd4 Qf6 8. Qxf6 Nxf6= 9. Nc3 a6 10. O-O-O d6
11. h3 Be6 12. Bd3 O-O 13. f4 Rfe8 14. Rhe1 Rad8 15. Kb1 Bc8 16. g4 Nd7 17. Ne2 Nc5 18. Nc3 Nxd3 19. Rxd3 Kf8 20. Nd5 c6
21. Nb6 d5 22. e5 f6 23. Na4 fxe5 24. Rxe5 Rxe5 25. fxe5 Re8 26. Re3 Ke7 27. Kc1 Kf7 28. Nb6 h6 29. Nxc8 Rxc8 30. Kd2 Rf8
31. c3 Ke6 32. Ke2 Rf4 33. Kd3 Rf2 34. Re2 Rxe2 35. Kxe2 Kxe5 36. Ke3 g5 37. b4 b6 38. a3 b5 39. Kf3 d4 40. cxd4+ Kxd4
41. Ke2 Kc3 42. Kd1 Kb3
0-1

[Event "In memory of Boby Fisher"]
[Site "SchemingMind.com"]
[Date "2008.01.26"]
[Round "-"]
[White "Fred Fanelli"]
[Black "Evans, Stan"]
[Result "1/2-1/2"]
[WhiteCountry "USA"]
[BlackCountry "USA"]
[WhiteElo "1658"]
[WhiteRD "64"]
[BlackElo "1792"]
[BlackRD "101"]
[GameID "138837"]

1. c4 e5 2. Nc3 c5 3. e3 Nc6 4. Nf3 d6 5. d4 Bg4 6. d5 Nb8 7. Be2 g6 8. h3 Bd7 9. Nh2 Bg7 10. e4 Ne7
11. O-O f5 12. Bg5 h6 13. Bxe7 Qxe7 14. exf5 Bxf5 15. Re1 O-O 16. Bd3 a6 17. f4 Nd7 18. g4 Bxd3 19. Qxd3 Qf7 20. Ne4 Qe7
21. Nc3 Rxf4 22. Re4 g5 23. Rf1 Rxf1+ 24. Qxf1 Rf8 25. Qb1 Nf6 26. Re1 Nh7 27. Ne4 Rf4 28. Rf1 Nf6 29. Qd3 Rxe4 30. Rxf6 Qxf6
31. Qxe4 Kf7=
1/2-1/2

[Event "In memory of Boby Fisher"]
[Site "SchemingMind.com"]
[Date "2008.01.25"]
[Round "-"]
[White "Schaakmaatje"]
[Black "Fred Fanelli"]
[Result "1-0"]
[WhiteCountry "NED"]
[BlackCountry "USA"]
[WhiteElo "1755"]
[WhiteRD "46"]
[BlackElo "1658"]
[BlackRD "64"]
[GameID "138838"]

1. e4 c6 2. d4 d5 3. Nc3 dxe4 4. Nxe4 Nd7 5. Bd3 Ngf6 6. Qe2 e6 7. Bg5 Be7 8. O-O-O O-O 9. h4 Nd5 10. Nf3 f6
11. Bd2 f5 12. Neg5 Bxg5 13. Qxe6+ Kh8 14. hxg5 Nc5 15. Qe2 Re8 16. Ne5 Ne6 17. Rxh7+ Kg8 18. Qh5 Kf8 19. Qf7#
1-0

[Event "In memory of Boby Fisher"]
[Site "SchemingMind.com"]
[Date "2008.01.25"]
[Round "-"]
[White "mmccaffe"]
[Black "Fred Fanelli"]
[Result "1/2-1/2"]
[WhiteCountry "USA"]
[BlackCountry "USA"]
[WhiteElo "1661"]
[WhiteRD "51"]
[BlackElo "1568"]
[BlackRD "67"]
[GameID "138839"]

1. e4 c6 2. Nc3 d5 3. Nf3 dxe4 4. Nxe4 Nd7 5. Bc4 Ndf6 6. Nxf6+ Nxf6 7. O-O e6 8. d4 h6 9. Re1 Bd6 10. Ne5 O-O
11. Ng4 Be7 12. Nxf6+ Bxf6 13. Qh5 Qxd4 14. Bd3 Qd5 15. Qxd5 cxd5 16. c3 e5 17. f4 e4 18. Bc2 Bf5 19. c4 Be6 20. cxd5 Bxd5
21. Bxe4 Bxe4 22. Rxe4 Rfe8 23. Rxe8+ Rxe8 24. Bd2 Re2 25. Bc3 Bxc3 26. bxc3 Rc2 27. Rb1 b6 28. Rd1 Kf8 29. Rd8+ Ke7 30. Rg8 Kf6
31. Rc8 Rxa2 32. c4 Ra4 33. g3 Rb4 34. Rc7 a5 35. c5 bxc5=
1/2-1/2

[Event "In memory of Boby Fisher"]
[Site "SchemingMind.com"]
[Date "2008.01.25"]
[Round "-"]
[White "Evans, Stan"]
[Black "Fred Fanelli"]
[Result "1/2-1/2"]
[WhiteCountry "USA"]
[BlackCountry "USA"]
[WhiteElo "1792"]
[WhiteRD "101"]
[BlackElo "1658"]
[BlackRD "64"]
[GameID "138841"]

1. e4 c6 2. d4 d5 3. e5 Bf5 4. Nf3 e6 5. Be2 c5 6. Be3 Nd7 7. O-O c4 8. b3 b5 9. a4 cxb3 10. cxb3 bxa4
11. bxa4 Bb4 12. Bb5 Ne7 13. Nbd2 O-O 14. Bxd7 Qxd7 15. Nb3 Rfc8 16. a5 Bc2 17. Nc5 Bxc5 18. Qxc2 Bxd4 19. Qd2 Bxa1 20. Rxa1 Ng6
21. Bd4 h6 22. g3 Rc4 23. a6 Rac8 24. Kg2 Rc2 25. Qd3 R2c4 26. Nd2 Ra4 27. Rb1 Kf8 28. Rb7 Rc7 29. Bc5+ Ke8 30. Rb8+ Rc8
31. Rb7 Rc7 32. Rb8+=
1/2-1/2

[Event "In memory of Boby Fisher"]
[Site "SchemingMind.com"]
[Date "2008.01.25"]
[Round "-"]
[White "St.Alfonzo"]
[Black "Schaakmaatje"]
[Result "0-1"]
[WhiteCountry "CAN"]
[BlackCountry "NED"]
[WhiteElo "1163"]
[WhiteRD "81"]
[BlackElo "1755"]
[BlackRD "46"]
[GameID "138847"]

1. e4 e5 2. Nf3 Nc6 3. g3 Bc5 4. Bg2 d6 5. O-O Be6 6. d3 Nge7 7. Bg5 f6 8. Bd2 O-O 9. Re1 Kh8 10. Nc3 a6
11. Na4 Ba7 12. c4 b5 13. Nc3 bxc4
0-1

[Event "In memory of Boby Fisher"]
[Site "SchemingMind.com"]
[Date "2008.01.25"]
[Round "-"]
[White "St.Alfonzo"]
[Black "Fred Fanelli"]
[Result "0-1"]
[WhiteCountry "CAN"]
[BlackCountry "USA"]
[WhiteElo "1163"]
[WhiteRD "81"]
[BlackElo "1658"]
[BlackRD "64"]
[GameID "138848"]

1. e4 c5 2. Nf3 Nc6 3. Bb5 e6 4. O-O Qc7 5. Nc3 a6 6. Bd3 Nf6 7. Re1 d5 8. exd5 Nb4 9. dxe6 Bxe6 10. Ng5 O-O-O
11. b3 Re8
0-1

[Event "In memory of Boby Fisher"]
[Site "SchemingMind.com"]
[Date "2008.01.25"]
[Round "-"]
[White "St.Alfonzo"]
[Black "mmccaffe"]
[Result "0-1"]
[WhiteCountry "CAN"]
[BlackCountry "USA"]
[WhiteElo "1206"]
[WhiteRD "83"]
[BlackElo "1560"]
[BlackRD "54"]
[GameID "138849"]

1. e4 e5 2. Nf3 Nc6 3. Bb5 f5 4. O-O Nf6 5. Re1 Bc5 6. Bxc6 dxc6 7. b3 O-O 8. Bb2 Nxe4 9. d3 Nxf2 10. Qe2 Nxd3+
11. Kh1 Nxe1 12. Qxe1 e4 13. Bxg7 Kxg7 14. Qg3+ Kh8
0-1

[Event "In memory of Boby Fisher"]
[Site "SchemingMind.com"]
[Date "2008.01.25"]
[Round "-"]
[White "St.Alfonzo"]
[Black "Evans, Stan"]
[Result "0-1"]
[WhiteCountry "CAN"]
[BlackCountry "USA"]
[WhiteElo "1163"]
[WhiteRD "81"]
[BlackElo "1792"]
[BlackRD "101"]
[GameID "138851"]

1. e4 e5 2. Nf3 f5 3. exf5 e4 4. Nd4 Nf6 5. Bb5 c6 6. Ba4 Bc5 7. c3 O-O 8. d3 Bxd4 9. cxd4 d5 10. O-O Bxf5
11. dxe4 Nxe4 12. Nd2 Nd7 13. Nxe4 Bxe4 14. Qg4 Nf6 15. Qe6+ Kh8
0-1

[Event "In memory of Boby Fisher"]
[Site "SchemingMind.com"]
[Date "2008.01.25"]
[Round "-"]
[White "Schaakmaatje"]
[Black "St.Alfonzo"]
[Result "1-0"]
[WhiteCountry "NED"]
[BlackCountry "CAN"]
[WhiteElo "1755"]
[WhiteRD "46"]
[BlackElo "1163"]
[BlackRD "81"]
[GameID "138852"]

1. e4 d5 2. exd5 Qxd5 3. Nc3 Qa5 4. Bc4 Nh6 5. Nge2 Bg4 6. O-O Nc6 7. d3 O-O-O 8. Be3 Kb8 9. f3 Bh5 10. Nf4 Nf5
11. Bf2 Ncd4 12. Nxh5 Qe5 13. Re1
1-0

[Event "In memory of Boby Fisher"]
[Site "SchemingMind.com"]
[Date "2008.01.25"]
[Round "-"]
[White "Fred Fanelli"]
[Black "St.Alfonzo"]
[Result "1-0"]
[WhiteCountry "USA"]
[BlackCountry "CAN"]
[WhiteElo "1658"]
[WhiteRD "64"]
[BlackElo "1163"]
[BlackRD "81"]
[GameID "138853"]

1. d4 Nf6 2. Nf3 d6 3. c4 c5 4. Nc3 cxd4 5. Nxd4 g6 6. e3 Bg7 7. Be2 O-O 8. O-O Nc6 9. Nxc6 bxc6 10. Bf3 Ba6
11. Be2
1-0

[Event "In memory of Boby Fisher"]
[Site "SchemingMind.com"]
[Date "2008.01.25"]
[Round "-"]
[White "mmccaffe"]
[Black "St.Alfonzo"]
[Result "1-0"]
[WhiteCountry "USA"]
[BlackCountry "CAN"]
[WhiteElo "1576"]
[WhiteRD "52"]
[BlackElo "1163"]
[BlackRD "81"]
[GameID "138854"]

1. e4 d5 2. e5 Nc6 3. d4 b6 4. Bb5 Bb7 5. Bxc6+ Bxc6 6. Nf3 e6 7. Be3 Qe7 8. Nc3 O-O-O 9. O-O Kb8 10. a4 f5
11. a5 b5 12. Qd3 a6 13. Nd2 Qb4 14. Nb3 h5 15. Nc5 Bxc5 16. dxc5 Qxb2 17. Rfb1 Qxb1+ 18. Rxb1 Nh6 19. Bxh6 Rxh6 20. Qg3 g6
21. f4 Rg8 22. Qf3
1-0

[Event "In memory of Boby Fisher"]
[Site "SchemingMind.com"]
[Date "2008.01.25"]
[Round "-"]
[White "Evans, Stan"]
[Black "St.Alfonzo"]
[Result "1-0"]
[WhiteCountry "USA"]
[BlackCountry "CAN"]
[WhiteElo "1792"]
[WhiteRD "101"]
[BlackElo "1163"]
[BlackRD "81"]
[GameID "138856"]

1. e4 Nc6 2. Nc3 e6 3. Nf3 Bb4 4. d4 Bxc3+ 5. bxc3 Nf6 6. e5 Ne4 7. Qd3 f5 8. g3 b6 9. Bg2 Bb7 10. Be3 Qe7
11. O-O O-O-O 12. Nd2 Kb8 13. Nxe4 fxe4 14. Bxe4
1-0

[Event "In memory of Boby Fisher"]
[Site "SchemingMind.com"]
[Date "2008.01.25"]
[Round "-"]
[White "dtedesco"]
[Black "St.Alfonzo"]
[Result "1-0"]
[WhiteCountry "CAN"]
[BlackCountry "CAN"]
[WhiteElo "1599"]
[WhiteRD "116"]
[BlackElo "1216"]
[BlackRD "79"]
[GameID "138938"]

1. d4 Nf6 2. Nc3 e6 3. Nf3 c5 4. Bf4 Na6 5. e3 Qa5 6. Bxa6 Qxa6 7. Qd2 Bd6 8. Bxd6 Qxd6 9. Nb5 Qb6 10. a4 a6
11. dxc5 Qxc5 12. Nd6+ Ke7 13. O-O-O Ne4 14. Nxe4 Qc4 15. Nc3 Rd8 16. e4 b5 17. Qg5+ f6 18. Qxg7+ Ke8 19. Qxf6 bxa4 20. Ng5
1-0

[Event "In memory of Boby Fisher"]
[Site "SchemingMind.com"]
[Date "2008.01.25"]
[Round "-"]
[White "dtedesco"]
[Black "Schaakmaatje"]
[Result "0-1"]
[WhiteCountry "CAN"]
[BlackCountry "NED"]
[WhiteElo "1379"]
[WhiteRD "56"]
[BlackElo "1755"]
[BlackRD "46"]
[GameID "138939"]

1. d4 Nf6 2. Nc3 g6 3. e4 d6 4. Nf3 Bg7 5. Bc4 O-O 6. h3 c6 7. Be3 b5 8. Bb3 b4 9. Qd3 bxc3 10. Qxc3 Nxe4
11. Qd3 Bf5 12. Qe2 Nd7 13. Rd1 Qc7 14. c3 d5 15. O-O Ndf6 16. Nh4 Bc8 17. c4 Ba6 18. Qc2 Qd6 19. c5 Qc7 20. Ba4 Bxf1
21. Kxf1 a5 22. g3 Nxg3+ 23. Ke1 Nge4 24. Nf3 Nh5 25. Rd3 Rac8 26. a3 Nf4 27. Rb3 Rb8 28. Rxb8 Rxb8 29. Kf1 Nxh3 30. Ne5 Bxe5
31. dxe5 Qxe5 32. Bxc6 Rxb2 33. Qd3 Qh2 34. Qxd5 Qg1#
0-1

[Event "In memory of Boby Fisher"]
[Site "SchemingMind.com"]
[Date "2008.01.25"]
[Round "-"]
[White "dtedesco"]
[Black "Fred Fanelli"]
[Result "0-1"]
[WhiteCountry "CAN"]
[BlackCountry "USA"]
[WhiteElo "1336"]
[WhiteRD "55"]
[BlackElo "1666"]
[BlackRD "70"]
[GameID "138940"]

1. d4 d5 2. Nc3 e6 3. Nf3 Nf6 4. Bf4 Bd6 5. e3 O-O 6. Bxd6 cxd6 7. Bd3 e5 8. dxe5 dxe5 9. Nxe5 Be6 10. h3 Nbd7
11. Nxd7 Qxd7 12. f3 Qd6 13. Qd2 a6 14. a3 Rad8 15. O-O-O d4 16. exd4 Qxd4 17. Rhe1 Qc5 18. Re3 Rfe8 19. Ne4 Qc7 20. Nc3 Qc6
21. Qe1 Bd7 22. Be4 Qc7 23. a4 Bc6 24. Rxd8 Rxd8 25. f4 Kf8 26. Bxc6 Qxc6 27. b3 Re8 28. Nd1 Qxg2 29. Qb4+ Kg8 30. Rxe8+ Nxe8
31. Qxb7 Qxb7
0-1

[Event "In memory of Boby Fisher"]
[Site "SchemingMind.com"]
[Date "2008.01.25"]
[Round "-"]
[White "dtedesco"]
[Black "mmccaffe"]
[Result "0-1"]
[WhiteCountry "CAN"]
[BlackCountry "USA"]
[WhiteElo "1379"]
[WhiteRD "56"]
[BlackElo "1576"]
[BlackRD "52"]
[GameID "138941"]

1. d4 Nf6 2. f3 g6 3. Bg5 Bg7 4. Bxf6 Bxf6 5. e3 O-O 6. Bd3 c5 7. Ne2 Nc6 8. dxc5 Qa5+ 9. c3 Qxc5 10. Qd2 b5
11. a3 a5 12. h3 Ba6 13. Nf4 b4 14. Bxa6 Rxa6 15. O-O bxc3 16. Nxc3 Bxc3 17. Qxd7 Rd8 18. Qb7 Rb6 19. Qc7 Be5 20. Rac1 Qxe3+
21. Kh1 Bxc7 22. g3 Bxf4 23. Rb1 Bxg3 24. Kg2 Bh4 25. Rbd1 Qe2+ 26. Kg1 Rxd1 27. Rxd1 Qxd1+
0-1

[Event "In memory of Boby Fisher"]
[Site "SchemingMind.com"]
[Date "2008.01.25"]
[Round "-"]
[White "dtedesco"]
[Black "Evans, Stan"]
[Result "0-1"]
[WhiteCountry "CAN"]
[BlackCountry "USA"]
[WhiteElo "1336"]
[WhiteRD "55"]
[BlackElo "1671"]
[BlackRD "153"]
[GameID "138943"]

1. d4 d5 2. e3 Bf5 3. Nf3 Nf6 4. Bd3 Bxd3 5. Qxd3 c6 6. Nc3 e6 7. a3 Nbd7 8. h3 Bd6 9. Bd2 O-O 10. b4 Re8
11. e4 dxe4 12. Nxe4 e5 13. O-O Nxe4 14. Qxe4 exd4 15. Qxd4 Ne5 16. Qc3 Nxf3+ 17. gxf3 Be5 18. Qd3 Bxa1 19. Rxa1 Qxd3 20. Rd1 Qxf3
21. c3 Qxd1+ 22. Kg2 Qxd2
0-1

[Event "In memory of Boby Fisher"]
[Site "SchemingMind.com"]
[Date "2008.01.25"]
[Round "-"]
[White "St.Alfonzo"]
[Black "dtedesco"]
[Result "0-1"]
[WhiteCountry "CAN"]
[BlackCountry "CAN"]
[WhiteElo "1163"]
[WhiteRD "81"]
[BlackElo "1379"]
[BlackRD "56"]
[GameID "138944"]

1. e4 e5 2. Nf3 Nc6 3. g3 Nf6 4. Bg2 Bc5 5. O-O d5 6. Ng5 Be6 7. Nxe6 fxe6 8. d3 Ne7 9. c4 d4 10. Qb3 b6
11. Bg5 O-O 12. Bxf6 Rxf6 13. Nd2 h6 14. Qd1 g6 15. Qg4 Kf7 16. Nf3 Nc6 17. h4 Qh8 18. h5 gxh5 19. Qxh5+ Ke7 20. Nxe5 Nb4
21. Ng4 Rff8 22. Nxh6 Nxd3 23. b3 Nb4 24. Qg5+ Kd6 25. Bh3 Rf6 26. Qh5 Raf8 27. Nf7+ R6xf7 28. Qxh8 Rxh8 29. Bg4 Nd3 30. a4 Nxf2
0-1

[Event "In memory of Boby Fisher"]
[Site "SchemingMind.com"]
[Date "2008.01.25"]
[Round "-"]
[White "Schaakmaatje"]
[Black "dtedesco"]
[Result "1-0"]
[WhiteCountry "NED"]
[BlackCountry "CAN"]
[WhiteElo "1746"]
[WhiteRD "45"]
[BlackElo "1336"]
[BlackRD "55"]
[GameID "138945"]

1. e4 e5 2. Bc4 Nf6 3. d3 d5 4. exd5 Nxd5 5. Nc3 Be6 6. Qf3 c6 7. Nge2 Bc5 8. Ne4 h6 9. Nxc5 Nd7 10. Nxe6 Qc8
11. Nxg7+ Ke7 12. Nf5+ Kf8 13. Bxh6+ Rxh6 14. Nxh6 Nb4 15. Qxf7#
1-0

[Event "In memory of Boby Fisher"]
[Site "SchemingMind.com"]
[Date "2008.01.25"]
[Round "-"]
[White "Fred Fanelli"]
[Black "dtedesco"]
[Result "1-0"]
[WhiteCountry "USA"]
[BlackCountry "CAN"]
[WhiteElo "1666"]
[WhiteRD "70"]
[BlackElo "1336"]
[BlackRD "55"]
[GameID "138946"]

1. c4 e5 2. Nc3 c6 3. Nf3 d6 4. d4 f6 5. dxe5 fxe5 6. e4 h6 7. Be3 Nf6 8. c5 Qc7 9. cxd6 Bxd6 10. Bc4 Bg4
11. h3 Bxf3 12. Qxf3 Nbd7 13. O-O O-O-O 14. Rac1 Rhf8 15. Qe2 a6 16. Be6 c5 17. b4 Kb8 18. Bd5 Nb6 19. f3 Nh5 20. Bf2 Qe7
21. bxc5 Bc7 22. cxb6 Bxb6 23. Rb1 Rf6 24. Na4 Nf4 25. Qb2 Rdd6 26. Nc5 Nxd5 27. exd5 Rxd5 28. Ne4 Re6 29. Bxb6 Rb5 30. Qf2 Rbxb6
31. Rxb6 Rxb6 32. Qxb6
1-0

[Event "In memory of Boby Fisher"]
[Site "SchemingMind.com"]
[Date "2008.01.25"]
[Round "-"]
[White "mmccaffe"]
[Black "dtedesco"]
[Result "1-0"]
[WhiteCountry "USA"]
[BlackCountry "CAN"]
[WhiteElo "1576"]
[WhiteRD "52"]
[BlackElo "1379"]
[BlackRD "56"]
[GameID "138947"]

1. d4 d5 2. c4 dxc4 3. e4 e6 4. Nf3 c6 5. Bxc4 Bb4+ 6. Bd2 Qd6 7. a3 Bxd2+ 8. Qxd2 Nf6 9. e5 Qd8 10. exf6 Qxf6
11. Qg5 Nd7 12. Qxf6 Nxf6 13. Nc3 O-O 14. O-O Bd7 15. Rfe1 Rad8 16. Rad1 h6 17. Ne4 a6 18. Nxf6+ gxf6 19. b4 b5 20. Bb3 Rfe8
21. a4 Kg7 22. axb5 cxb5 23. d5 e5 24. Rc1 Bg4 25. Rc6 Ra8 26. Rec1 a5 27. bxa5 Rxa5 28. Rc7 e4 29. Nd4 Kg6 30. d6 b4
31. Bxf7+ Kg7 32. Bxe8+ Kh8 33. d7
1-0

[Event "In memory of Boby Fisher"]
[Site "SchemingMind.com"]
[Date "2008.01.25"]
[Round "-"]
[White "Evans, Stan"]
[Black "dtedesco"]
[Result "1-0"]
[WhiteCountry "USA"]
[BlackCountry "CAN"]
[WhiteElo "1671"]
[WhiteRD "153"]
[BlackElo "1336"]
[BlackRD "55"]
[GameID "138949"]

1. e4 e5 2. Bc4 Bc5 3. Nc3 Nf6 4. d3 d6 5. f4 Ng4 6. f5 Bf2+ 7. Kf1 Ne3+ 8. Bxe3 Bxe3 9. Qh5 Qe7 10. Nd5 Qd7
11. Nxe3 O-O 12. f6 g6 13. Qh6
1-0

[Event "In memory of Boby Fisher"]
[Site "SchemingMind.com"]
[Date "2008.01.25"]
[Round "-"]
[White "smothered mate"]
[Black "St.Alfonzo"]
[Result "1-0"]
[WhiteCountry "POL"]
[BlackCountry "CAN"]
[WhiteElo "1964"]
[WhiteRD "53"]
[BlackElo "1163"]
[BlackRD "81"]
[GameID "138969"]

1. e4 Nc6 2. d4 d6 3. Bc4 Nf6 4. Nc3 Bg4 5. f3 Bd7 6. Be3 g6 7. Qd2 Bg7 8. Nge2 Nb4 9. a3 Nc6 10. Bh6 O-O
11. h4
1-0

[Event "In memory of Boby Fisher"]
[Site "SchemingMind.com"]
[Date "2008.01.25"]
[Round "-"]
[White "smothered mate"]
[Black "Schaakmaatje"]
[Result "0-1"]
[WhiteCountry "POL"]
[BlackCountry "NED"]
[WhiteElo "1964"]
[WhiteRD "53"]
[BlackElo "1755"]
[BlackRD "46"]
[GameID "138970"]

1. e4 e6 2. c4 d5 3. cxd5 exd5 4. Qb3 Nf6 5. Nc3 c6 6. d3 Be7 7. e5 Ng4 8. Nf3 O-O 9. h3 d4 10. Ne4 Nxf2
11. Nxf2 b6 12. Be2 Be6 13. Qd1 c5 14. O-O Nc6 15. Ne4 f5 16. exf6 Bxf6 17. Nxf6+ Qxf6 18. Bg5 Qg6 19. Qd2 h6 20. Bh4 Bxh3
21. Bd1 Bf5 22. Bb3+ Kh8 23. Bd5 Rae8 24. Rae1 Nb4 25. Rxe8 Rxe8 26. Bc4 Nxd3 27. Bb5 Re3 28. Ne1 Ne5 29. Qf2 Be4 30. Qf8+ Kh7
31. Be8 Qg4 32. Rf4 Rxe1+ 33. Kf2 Qe2+
0-1

[Event "In memory of Boby Fisher"]
[Site "SchemingMind.com"]
[Date "2008.01.25"]
[Round "-"]
[White "smothered mate"]
[Black "Fred Fanelli"]
[Result "1-0"]
[WhiteCountry "POL"]
[BlackCountry "USA"]
[WhiteElo "1964"]
[WhiteRD "53"]
[BlackElo "1658"]
[BlackRD "64"]
[GameID "138971"]

1. e4 c6 2. d4 d5 3. Nc3 dxe4 4. f3 exf3 5. Nxf3 Nf6 6. Bc4 Bg4 7. Be3 e6 8. O-O Nbd7 9. Qe1 Bb4 10. Ne5 O-O
11. Qg3 Bd6 12. h3 Bf5 13. Rxf5 Bxe5 14. Rxe5 Nxe5 15. dxe5 Nd7 16. Bh6 g6 17. Bxf8 Qxf8 18. Ne4 Kh8 19. Nd6 Rb8 20. Rf1 Nxe5
21. Qxe5+ Qg7 22. Nxf7+ Kg8 23. Qxb8+ Qf8 24. Nh6+
1-0

[Event "In memory of Boby Fisher"]
[Site "SchemingMind.com"]
[Date "2008.01.25"]
[Round "-"]
[White "smothered mate"]
[Black "mmccaffe"]
[Result "1-0"]
[WhiteCountry "POL"]
[BlackCountry "USA"]
[WhiteElo "1947"]
[WhiteRD "57"]
[BlackElo "1560"]
[BlackRD "54"]
[GameID "138972"]

1. e4 c5 2. c3 d5 3. exd5 Qxd5 4. d4 cxd4 5. cxd4 Nc6 6. Be3 e5 7. Nc3 Qa5 8. d5 Nce7 9. Nf3 Bg4 10. Bb5+ Kd8
11. d6 Nc6 12. h3 Bxf3 13. Qxf3 Nf6 14. O-O-O Rc8 15. Bg5 Ke8 16. Bxf6 gxf6 17. d7+
1-0

[Event "In memory of Boby Fisher"]
[Site "SchemingMind.com"]
[Date "2008.01.26"]
[Round "-"]
[White "smothered mate"]
[Black "Evans, Stan"]
[Result "1-0"]
[WhiteCountry "POL"]
[BlackCountry "USA"]
[WhiteElo "1947"]
[WhiteRD "57"]
[BlackElo "1671"]
[BlackRD "153"]
[GameID "138975"]

1. e4 e5 2. Nf3 Nc6 3. Nc3 d6 4. Bc4 Be7 5. d3 h6 6. Be3 Nf6 7. h3 O-O 8. Qd2 Na5 9. Bb3 Nxb3 10. axb3 c6
11. O-O Kh7 12. Bxa7 Be6 13. Be3 Qc7 14. d4 Rxa1 15. Rxa1 b5 16. d5 Bd7 17. Ra7 Qd8 18. Nxe5 dxe5 19. d6 Re8 20. dxe7 Rxe7
21. Bc5 Re8 22. f3 Ng8 23. Qxd7 Qxd7 24. Rxd7
1-0